Mariokart Wii - Statistics

General Stats
  • This quiz has been taken 916 times
  • The average score is 51 of 128
Answer Stats
Answer % Correct
Mario
95%
Luigi
94%
Bowser
92%
Princess Peach
91%
Toad
90%
Baby Mario
88%
Baby Peach
87%
Donkey Kong
87%
Princess Daisy
87%
Baby Luigi
85%
Wario
83%
Yoshi
83%
Waluigi
82%
Baby Daisy
81%
Koopa Troopa
81%
Diddy Kong
80%
Dry Bones
78%
Dash Mushroom
75%
Toadette
71%
Rainbow Road
70%
Red Shell
70%
Green Shell
69%
King Boo
68%
Rosalina
68%
Funky Kong
67%
Bowser Jr
66%
Banana Peel
64%
Birdo
63%
Dry Bowser
62%
N64 Bowser's Castle
62%
Blue Shell
61%
Bowser's Castle
61%
GBA Bowser Castle 3
61%
Luigi Circuit
59%
Star
59%
Bullet Bill
56%
GCN Mario Circuit
56%
Mario Circuit
56%
SNES Mario Circuit 3
56%
Coconut Mall
55%
Toad's Factory
53%
Moo Moo Meadows
52%
Lightning
51%
Mushroom Gorge
51%
Golden Dash Mushroom
49%
Wario's Gold Mine
49%
Daisy Circuit
44%
Maple Treeway
43%
DS Yoshi Falls
42%
Koopa Cape
42%
GCN Peach Beach
41%
DS Peach Gardens
39%
Moonview Highway
39%
Blooper
38%
GCN Waluigi Stadium
38%
Grumble Volcano
38%
Mii Outfit A
38%
Mii Outfit B
38%
GCN DK Mountain
37%
POW Block
37%
3 Dash Mushrooms
35%
3 Green Shells
35%
Balloon Battle
35%
Dry Dry Ruins
35%
DS Delfino Square
35%
Mega Mushroom
35%
3 Banana Peels
34%
3 Red Shells
34%
DK Summit
33%
Fake Item Box
32%
Bullet Bike
31%
Mach BIke
31%
Bob-omb
30%
GBA Shy Guy Beach
30%
SNES Ghost Valley 2
30%
N64 Mario Raceway
28%
N64 Sherbet Land
28%
Standard Kart S
28%
Thundercloud
28%
Standard Kart M
27%
N64 DK's Jungle Parkway
26%
Standard Bike M
26%
Standard Bike S
26%
Standard Kart L
26%
Flame Runner
25%
Grand Prix
24%
Standard Bike L
24%
Time Trial
21%
Dolphin Dasher
20%
DS Desert Hills
20%
Wild Wing
20%
Versus mode
19%
Funky Stadium
18%
Quacker
18%
Wario Bike
18%
Coin Runners
17%
Magikruiser
16%
Offroader
16%
Blue Falcon
15%
Jet Bubble
15%
Chain Chomp Wheel
13%
Bit Bike
12%
Block Plaza
12%
Delfino Pier
12%
Flame Flyer
12%
GCN Cookie Land
12%
Spear
12%
Booster Seat
11%
Cheep Charger
11%
Mini Beast
11%
Piranha Prowler
11%
Super Blooper
11%
Tiny Titan
11%
Classic Dragster
10%
GBA Battle Course 3
10%
N64 Skyscraper
10%
Shooting Star
10%
Thwomp Desert
10%
Day Tripper
9%
DS Twilight House
9%
Zip Zip
9%
Honeycoupe
8%
Phantom
8%
Sneakster
8%
SNES Battle Course 4
8%
Sugarscoot
8%
Jetsetter
7%
Sprinter
7%
No matching quizzes found
Score Distribution
Percent of People with Each Score
Percentile by Number Answered
Your Score History
You have not taken this quiz